| 000 | 00684cam a2200241 a 4500 | ||
|---|---|---|---|
| 008 | |||
| 020 | _a0340504110 (pbk.) | ||
| 049 | _aMAIN | ||
| 090 |
_aTA175 _bOST |
||
| 100 | 1 | _aOstrowsky, O. | |
| 245 | 1 | 0 |
_aEngineering drawing : _bwith CAD applications / _cO. Ostrowsky. |
| 260 |
_aLondon : _bEdward Arnold, _c1989. |
||
| 300 |
_a172 p. : _bill. ; _c22x28 cm. |
||
| 500 | _aIncludes index. | ||
| 650 | 0 | _aEngineering graphics. | |
| 650 | 0 | _aMechanical drawing. | |
| 650 | 0 | _aComputer-aided design. | |
| 907 |
_a.b10224373 _b05-12-16 _c17-01-07 |
||
| 003 | |||
| 005 | 20230123134324.0 | ||
| 040 | _cNUST | ||
| 942 |
_cBOOKS _kTA175 _mOST |
||
| 999 |
_c163881 _d163881 |
||